Zero Escape characters - Statistics

General Stats
  • This quiz has been taken 75 times
  • The average score is 25 of 28
Answer Stats
Answer % Correct
Clover Field
100%
Clover Field
100%
Junpei Tenmyouji
98%
Junpei Tenmyouji
98%
Junpei Tenmyouji
98%
Q/Delta
98%
Santa/Aoi Kurashiki
98%
Snake/Light Field
98%
Akane Kurashiki
96%
June/Akane Kurashiki
96%
Phi
96%
Phi
96%
Seven
96%
Sigma Klim
96%
Sigma Klim
96%
Ace/Gentarou Hongou
94%
Alice
94%
Lotus/Hazuki Kashiwabara
94%
K
89%
Quark
89%
Carlos
85%
Luna
85%
Diana
83%
Dio
83%
Eric
79%
Mira
77%
Sean
60%
9th Man/Teruaki Kubota
45%
No matching quizzes found
Score Distribution
Percent of People with Each Score
Percentile by Number Answered
Your Score History
You have not taken this quiz